000 00901nas a2200289 4500
001 BR0200323
003 BR-BrBNA
005 20231205102727.0
007 ta
008 230509b bl.|||p| |||| 00| 00por d
040 _aBR-BrBNA
_bpor
_cBiblioteca Nacional de Agricultura
041 _a(Pt)
072 _aL73
100 1 _aLeonardo, A.L.
100 1 _aCastro-Prado, M.A.A.
245 1 _aAvaliação do potencial recombinogênico do antibiótico danofloxacina em células diplóides de Aspergillus nidulans
650 _aBOVINO
650 _aSUÍNO
650 _aANTIBIÓTICO
650 _aRECOMBINAÇÃO
650 _aCONÍDIO
650 _aDNA
650 _aVETERINÁRIA
773 0 _tArquivo Brasileiro de Medicina Veterinária e Zootecnia (Brazil)
_xISSN 0102-0935
_g(Feb 2001), v. 53(1) p. 130-135
_wBR0200323
909 _a202311
_bLúcia
_c55
_dLúcia Elande
942 _2AGRIS
_n0
_cANA
999 _c169017
_d169017